| 000 | 00797nam a2200169 4500 | ||
|---|---|---|---|
| 999 |
_c4097 _d4097 |
||
| 020 | _a9788120333376 | ||
| 050 | _aBF121 | ||
| 100 | _aMishra, Braj Kumar | ||
| 245 |
_aPsychology: _b the study of human behaviour _cMishra, Braj Kumar |
||
| 260 |
_aNew Delhi _bPHI Learning Private Limited _c2008 |
||
| 300 |
_axx, 586p.: _bill., _c 24cm |
||
| 500 | _aIncludes bibliographical references and index | ||
| 505 | _aPart I. Curiosity of man to study himself Part II. Biology of behavior Part III. Knowing the world around us Part IV. Modification of behavior Part V. Memory process Part VI. Symbolic processes Part VII. Conative aspects of behaviour Part VII. Affective processes Part IX. Individual differences | ||
| 650 | _aPsychology | ||
| 700 | _aMishra, Braj Kumar | ||
| 942 | _cBK | ||